000 01034nam2a22002531 4500
001 RU\NLR\INFOCOMM31\5000020997
005 20250617013128.0
035 _a(NLR Aleph) 002345908
090 _a4497292
_c4497292
100 _a20041110d1977 |||y0rusy50 ca
101 0 _arus
102 _aRU
105 _ay ||||000|y
200 1 _aОдномерные задачи распространения волн напряжений в стержнях
_fВ.Н. Кукуджанов
210 _d1977
_aБ. м.
461 0 _1001RU\NLR\INFOCOMM31\5000020974
_12001#$aСообщения по прикладной математике$fАН СССР. Вычисл. центр$vВып.7
_94497270
_cМ.
_d1969-1977
_fАН СССР. Вычисл. центр
_tСообщения по прикладной математике
_vВып.7
700 1 _aКукуджанов
_bВ.Н.
_4070
801 1 _aRU
_bInfoComm
_c20041110
801 0 _aRU
_bNLR
_gPSBO
852 _aNLR
_jП7/1276
942 _cISSUE
980 _aNB
980 _aRUSPER